| 000 | 00801nam a22001337a 4500 | ||
|---|---|---|---|
| 040 | _cRUA | ||
| 082 | _aAGR TEC 2012 B052 Or.1 | ||
| 100 | _aTECH RATANA | ||
| 245 | _aEffectivess of differnt rate15-15-15fertilizers on chinese kale at crops station of royal university of agriculture,(ប្រសិទ្ធភាពនៃជី ១៥-១៥-១៥ ក្នុងកម្រិតខុសគ្នាលើដំណាំខាត់ណាដើមក្នុងស្ថានីយ៍ពិសោធន៍ដំណាំ នៃសាកលវិទ្យាល័យភូមិន្ទសកិកម្ម) | ||
| 260 |
_aphnom penh _bRUA _c2012 |
||
| 300 |
_aix, 44p. _cill. |
||
| 856 | _uhttps://drive.google.com/file/d/1GWTtqy2zVVwudwxqtwHXaNcyjjNYxxvx/view?usp=sharing | ||
| 942 | _cAGR | ||
| 999 |
_c1238 _d1238 |
||